| 000 | 01045nam a2200277 a 4500 | ||
|---|---|---|---|
| 001 | 000043916 | ||
| 005 | 20201002045037.0 | ||
| 008 | 140508s1997 sp ac 000 0 spa d | ||
| 020 | _a8484280233 | ||
| 040 |
_aDO-SdBNP _bspa _cBNPHU |
||
| 041 | 1 | 7 |
_aspa _heng |
| 082 |
_axxxx _bxxxx |
||
| 100 | 1 |
_aCronenberg, David, _d1943- _971819 |
|
| 240 | 1 | 0 |
_aCronenberg on Cronenberg. _lEspañol |
| 245 | 1 | 0 |
_aDavid Cronenberg por David Cronenberg / _ceditor Chris Rodley ; traducción Javier Lago ; apéndice Antonio Weinrichter ; prólogo Martyn Steenbeck. |
| 260 |
_aBarcelona : _bAlba, _c1997. |
||
| 300 |
_a346 p. : _bil., retrs. ; _c22 cm. |
||
| 490 | 1 |
_aTrayectos _v15 |
|
| 500 | _aIncluye referencias bibliográficas y notas al pie de las páginas | ||
| 500 | _aIncluye datos biográficos del autor en la solapa de la contracubierta | ||
| 504 | _aBibliografía : p. 333-335 | ||
| 700 | 1 | 2 |
_aRodley, Chris _eed. _971820 |
| 700 | 1 | 2 |
_aLago, Javier _etr. _971821 |
| 700 | 1 | 2 |
_aSteenbeck, Martyn _epról. _971822 |
| 830 | 0 |
_aTrayectos ; _n152 _971823 |
|
| 999 |
_c43405 _d43405 |
||